| 000 | 01410naa a22003737a 4500 | ||
|---|---|---|---|
| 001 | BR8105942 | ||
| 003 | BR-BrBNA | ||
| 005 | 20250716171948.0 | ||
| 007 | ta | ||
| 008 | 250630b bl.|||m| |||| 00| 0 por d | ||
| 040 |
_aBR-BrBNA _bpor _cBiblioteca Nacional de Agricultura |
||
| 041 | _a(Pt) | ||
| 072 |
_aF26; P20; E10 _b/G514 |
||
| 090 | _aF26 BR8105942 | ||
| 100 | 1 | _aTorrico, E.M. | |
| 100 | 1 | _aFaustino Neto, M. | |
| 100 | 1 | _aPereira, L.C. | |
| 100 | 1 | _aContente, L. de A. | |
| 100 | 1 | _aMello, Z.V.G. de | |
| 100 | 1 | _aCouto, A.M.R. | |
| 100 | 1 | _aRibeiro, A.G. | |
| 100 | 1 | _aGoncalves, R. do N. | |
| 245 | 1 | _aFolha SA. 24 Fortaleza, 5 - Uso potencial da terra [Brasil] | |
| 500 | _aRolha SA. 24 Fortaleza; geologia, geomorfologia, pedologia, vegetacao e uso potencial da terra Rio de Janeiro, RJ (Brasil): 1981. p. 361-483 [10 illus.; 61 graphs; 22 tables; 25 ref.; Summaries (En, Pt)] (BR8105942-AMS) | ||
| 773 | 0 |
_tRolha SA. 24 Fortaleza; geologia, geomorfologia, pedologia, vegetacao e uso potencial da terra _wF26 BR8105942 _gRio de Janeiro, RJ (Brasil), 1981. p. 361-483 |
|
| 650 | _aRECURSO DA TERRA | ||
| 650 | _aUSO DA TERRA | ||
| 650 | _aAPTIDAO AGRICOLA | ||
| 650 | _aEXPLORACAO AGRICOLA | ||
| 650 | _aFORTALEZA | ||
| 490 |
_aLevantamento de Recursos Naturais - Projeto RADAMBRASIL (Brazil) _vv. 21 |
||
| 942 |
_cAMS _2AGRIS |
||
| 909 |
_a202506 _bLúcia _c55 _dLúcia Elande |
||
| 999 |
_c333857 _d333857 |
||